Bank Concentration and the Supply of Credit in Argentina
Guardado en:
| Autor principal: | |
|---|---|
| Formato: | Libro |
| Lenguaje: | inglés |
| Publicado: |
Washington
International Monetary Fund
1997
|
| Edición: | 1. ed. |
| Colección: | IMF Working Paper
40 |
| Materias: | |
| Etiquetas: |
Sin Etiquetas, Sea el primero en etiquetar este registro!
|
MARC
| LEADER | 00000nam a2200000 4500 | ||
|---|---|---|---|
| 001 | c021154 | ||
| 005 | 20221129110125.2 | ||
| 041 | 0 | |a eng | |
| 044 | |a US | ||
| 245 | 1 | 0 | |a Bank Concentration and the Supply of Credit in Argentina |c Gustavo Canonero |
| 250 | |a 1. ed. | ||
| 264 | 1 | |a Washington |b International Monetary Fund |c 1997 | |
| 300 | |a 19 s. | ||
| 490 | 1 | |a IMF Working Paper |v 40 | |
| 830 | 0 | |a IMF Working Paper |v 40 | |
| 610 | 2 | 0 | |a úver bankový |
| 610 | 2 | 0 | |a Argentína |
| 610 | 2 | 0 | |a banky |
| 610 | 2 | 0 | |a ústavy finančné |
| 610 | 2 | 0 | |a služby bankové |
| 610 | 2 | 0 | |a služby finančné |
| 100 | 1 | |a Cañonero, Gustavo | |